| 000 | 00654nam a22002177a 4500 | ||
|---|---|---|---|
| 005 | 20241206160801.0 | ||
| 008 | 241206b ||||| |||| 00| 0 eng d | ||
| 020 | _a9780674279124 | ||
| 040 | _cAL | ||
| 041 | _aEnglish | ||
| 082 |
_223 _a347.30822 _bESKD |
||
| 100 |
_aWilliam N.Eskridge _9188454 |
||
| 245 | _aDynamic Statutory Interpretation | ||
| 260 |
_aCambridge _bHarvard University press _c1994 |
||
| 300 |
_a438 p. _bHB _c23x16 cm. |
||
| 365 |
_a1060 _b₹726.35 _c₹ _d₹995.00 _e27% _f28-11-2024 |
||
| 650 |
_aInterpretation and construction _9188455 |
||
| 650 |
_aLaw _9188456 |
||
| 700 |
_aESKRIDGE (William N) _9188457 |
||
| 942 |
_2ddc _cBK |
||
| 999 |
_c232244 _d232244 |
||